<?xml version="1.0" encoding="UTF-8"?>
<collection xmlns="http://www.loc.gov/MARC21/slim">
<record>
  <controlfield tag="001">112688</controlfield>
  <controlfield tag="005">20220531095346.0</controlfield>
  <datafield tag="037" ind1=" " ind2=" ">
    <subfield code="a">TAZ-TFG-2022-565</subfield>
  </datafield>
  <datafield tag="041" ind1=" " ind2=" ">
    <subfield code="a">spa</subfield>
  </datafield>
  <datafield tag="100" ind1="1" ind2=" ">
    <subfield code="a">Ríos Martínez, Javier</subfield>
  </datafield>
  <datafield tag="242" ind1="0" ind2="0">
    <subfield code="a">Analysis of a protocol through the AGREE II instrument</subfield>
  </datafield>
  <datafield tag="245" ind1="0" ind2="0">
    <subfield code="a">Análisis de un protocolo mediante el instrumento AGREE II</subfield>
  </datafield>
  <datafield tag="260" ind1=" " ind2=" ">
    <subfield code="a">Zaragoza</subfield>
    <subfield code="b">Universidad de Zaragoza</subfield>
    <subfield code="c">2022</subfield>
  </datafield>
  <datafield tag="506" ind1=" " ind2=" ">
    <subfield code="a">by-nc-sa</subfield>
    <subfield code="b">Creative Commons</subfield>
    <subfield code="c">3.0</subfield>
    <subfield code="u">http://creativecommons.org/licenses/by-nc-sa/3.0/</subfield>
  </datafield>
  <datafield tag="520" ind1=" " ind2=" ">
    <subfield code="a">Introducción: En España, la mayoría de los pacientes hospitalizados son portadores en algún momento de un catéter vascular periférico, ya que es&lt;br />una de las técnicas más utilizadas por enfermería en el ámbito hospitalario. Por ello, el uso de protocolos y guías basadas en la evidencia son necesarios para evitar la variabilidad en los cuidados y prevenir complicaciones futuras. Evaluar y analizar estos documentos consiguen unos cuidados y actuaciones de calidad, por lo que una de las herramientas empleadas internacionalmente es el instrumento AGREE.&lt;br />Objetivo: Mejorar la práctica clínica de Enfermería mediante el uso de protocolos elaborados con calidad.&lt;br />Metodología: En primer lugar, se ha elaborado una búsqueda bibliográfica en las distintas bases de datos; Scielo, Pubmed, ScienceDirect&lt;br />ampliándose la búsqueda a libros, páginas web y guías de práctica clínica. En segundo lugar, se elabora un cuestionario sobre catéteres vasculares&lt;br />periféricos a través de la herramienta Google Forms. Una vez elaborado, se envía, por medio de un enlace por WhatsApp, a los compañeros de 4º de&lt;br />Enfermería de la Universidad de Zaragoza para que lo respondan aquellas personas que lo deseen con el objetivo de conocer los conocimientos que&lt;br />poseen con relación al cuidado y al mantenimiento de los catéteres venosos periféricos. En tercer lugar, se selecciona un protocolo sobre los cuidados del catéter vascular periférico del Hospital Clínico Universitario Lozano Blesa para su análisis a través del instrumento AGREE II.&lt;br />Conclusiones: El instrumento AGREE II es una herramienta que permite evaluar de forma fácil y clara las guías de práctica clínica. Se utiliza tanto a&lt;br />nivel nacional como internacional, permitiéndonos determinar si las GPC cumplen unos requisitos mínimos de calidad. Es importante que los&lt;br />profesionales de enfermería sean críticos con cualquier GPC y que sepan evaluarla para distinguir entre información científica y no científica. Se deben emplear todas las herramientas a nuestro alcance para mejorar la práctica&lt;br />clínica.&lt;br />Palabras clave: "catéter vascular periférico", "enfermería basada en evidencia", "protocolo", "uías de práctica clínica"," AGREE y AGREE II".&lt;br />&lt;br /></subfield>
  </datafield>
  <datafield tag="521" ind1=" " ind2=" ">
    <subfield code="a">Graduado en Enfermería</subfield>
  </datafield>
  <datafield tag="540" ind1=" " ind2=" ">
    <subfield code="a">Derechos regulados por licencia Creative Commons</subfield>
  </datafield>
  <datafield tag="700" ind1=" " ind2=" ">
    <subfield code="a">González de la Cuesta, Delia</subfield>
    <subfield code="e">dir.</subfield>
  </datafield>
  <datafield tag="710" ind1="2" ind2=" ">
    <subfield code="a">Universidad de Zaragoza</subfield>
    <subfield code="b">Fisiatría y Enfermería</subfield>
    <subfield code="c">Enfermería</subfield>
  </datafield>
  <datafield tag="856" ind1="0" ind2=" ">
    <subfield code="f">698629@unizar.es</subfield>
  </datafield>
  <datafield tag="856" ind1="4" ind2=" ">
    <subfield code="s">549807</subfield>
    <subfield code="u">http://zaguan.unizar.es/record/112688/files/TAZ-TFG-2022-565.pdf</subfield>
    <subfield code="y">Memoria (spa)</subfield>
  </datafield>
  <datafield tag="909" ind1="C" ind2="O">
    <subfield code="o">oai:zaguan.unizar.es:112688</subfield>
    <subfield code="p">driver</subfield>
    <subfield code="p">trabajos-fin-grado</subfield>
  </datafield>
  <datafield tag="950" ind1=" " ind2=" ">
    <subfield code="a"></subfield>
  </datafield>
  <datafield tag="980" ind1=" " ind2=" ">
    <subfield code="a">TAZ</subfield>
    <subfield code="b">TFG</subfield>
    <subfield code="c">EUCS</subfield>
  </datafield>
  <datafield tag="999" ind1=" " ind2=" ">
    <subfield code="a">20220511172103.CREATION_DATE</subfield>
  </datafield>
  <datafield tag="951" ind1=" " ind2=" ">
    <subfield code="a">deposita:2022-05-31</subfield>
  </datafield>
</record>
</collection>